Are You Smarter Than a College Student? XIX Quiz Stats

 Plays Quiz Updated Jun 20, 2017

Support Sporcle.
Go Orange.
Score 0/30 Timer 07:00
5 Plays Today
Answer % Correct
Easypotassium
89.3%
EasyLassie
89.3%
Easycompass
87.5%
EasyJurassic
86.1%
EasyJackass
83.1%
Easyambassador
76.9%
EasyMassachusetts
76.9%
EasyThe Passion of the Christ
74.9%
EasyPablo Picasso
72.5%
EasyAndre Agassi
70.9%
Mediummolasses
70.1%
MediumThrough the Looking-Glass
62.3%
Mediumgrasshoppers
60.2%
MediumAristotle Onassis
59%
Mediumbassoon
55%
Answer % Correct
Mediumbrass
53.8%
Mediumclass
53.6%
MediumNassau
52.9%
MediumBasset hound
51.6%
MediumVidal Sassoon
45.6%
HardBashar al-Assad
37.7%
HardMichael Fassbender
36.2%
HardAssassins
31.7%
HardNeo-Assyrian
28.4%
Hardcasserole
27%
HardSargasso
26.6%
HardCassiopeia
25.2%
HardCassandra
24.9%
HardKhyber Pass
22.5%
Hardpassenger pigeon
21.7%

You're not logged in!

Compare scores with friends on all Sporcle quizzes.
OR
Log In
Forgot?

From the Vault

25 Years of NBC Shows

by qlh27

NBC was founded 90 years ago, here's what they've been up to for the last 25.
Remove Ads.
Support Sporcle.
Get the best of Sporcle when you Go Orange. This ad-free experience offers more features, more stats, and more fun while also helping to support Sporcle. Thank you for becoming a member.

Show Comments

Extras

Top Quizzes Today


Score Distribution

Your Account Isn't Verified!

In order to create a playlist on Sporcle, you need to verify the email address you used during registration. Go to your Sporcle Settings to finish the process.

Report this User

Report this user for behavior that violates our Community Guidelines.

Details: